[Event "Florianopolis op 9th"]
[Site "Florianopolis"]
[Date "2023.01.26"]
[Round "5"]
[White "Ferreira, Andrei Dias"]
[Black "Da Silva, Daniel Pereira"]
[Result "1-0"]
[WhiteElo "2011"]
[BlackElo "1775"]
[PlyCount "61"]
[EventDate "2023.01.23"]
[EventType "swiss"]
[EventRounds "10"]
[EventCountry "BRA"]
[SourceTitle "CBM 212 Extra"]
[Source "ChessBase"]
[SourceDate "2023.03.31"]
[SourceVersion "1"]
[SourceVersionDate "2023.03.31"]
[SourceQuality "1"]

1. e4 c5 2. Nf3 e6 3. d4 cxd4 4. Nxd4 Nc6 5. Nc3 Qc7 6. f4 a6 7. Nxc6 Qxc6 8. Bd3 b5 9. Qe2 Bb7 10. Bd2 Bc5 11. a3 Ne7 12. 0-0-0 Rc8 13. g4 d5 14. exd5 Nxd5 15. Nxd5 Qxd5 16. Kb1 Qf3 17. Qe5 Qxg4 18. h3 Qg3 19. Be1 Qg2 20. Bb4 Be7 21. Rhg1 Bf6 22. Qe3 Qc6 23. f5 e5 24. Rge1 a5 25. Qxe5+ Bxe5 26. Rxe5+ Qe6 27. fxe6 axb4 28. Bxb5+ Ke7 29. Rd7+ Kf6 30. Re1 Bg2 31. Rxf7+ 1-0

[Event "Florianopolis op 9th"]
[Site "Florianopolis"]
[Date "2023.01.25"]
[Round "4"]
[White "Da Silva, Daniel Pereira"]
[Black "Ibanez, Marcelo"]
[Result "1-0"]
[WhiteElo "1775"]
[BlackElo "2014"]
[PlyCount "97"]
[EventDate "2023.01.23"]
[EventType "swiss"]
[EventRounds "10"]
[EventCountry "BRA"]
[SourceTitle "CBM 212 Extra"]
[Source "ChessBase"]
[SourceDate "2023.03.31"]
[SourceVersion "1"]
[SourceVersionDate "2023.03.31"]
[SourceQuality "1"]

1. d4 Nf6 2. c4 e6 3. Nf3 d5 4. Nc3 dxc4 5. e3 c5 6. Bxc4 cxd4 7. Nxd4 Bc5 8. 0-0 0-0 9. b3 a6 10. Be2 Qa5 11. Qc2 Bb4 12. Bb2 e5 13. Nf3 Nc6 14. Ne4 Be7 15. a3 Qd5 16. Bd3 g6 17. Rfd1 Qe6 18. h3 Nxe4 19. Bxe4 Bf6 20. Bd5 Qe7 21. Bxc6 bxc6 22. Qxc6 Be6 23. b4 a5 24. Qc5 Qb7 25. Bxe5 Rfc8 26. Qd6 Be7 27. Qd2 Bxh3 28. Qd5 Qxd5 29. Rxd5 Be6 30. Rxa5 Rxa5 31. bxa5 Rc5 32. a6 Ra5 33. Rb1 f6 34. Rb6 Kf7 35. Bd4 Rxa3 36. Rb7 Ra5 37. Bb6 Ra1+ 38. Kh2 Bd5 39. Rc7 Bxf3 40. Bc5 Bd5 41. Rxe7+ Kg8 42. a7 Ra2 43. Kg3 h5 44. Bd4 h4+ 45. Kxh4 Bxg2 46. e4 g5+ 47. Kg3 Bxe4 48. Rxe4 Kf7 49. Re1 1-0

[Event "Florianopolis op 9th"]
[Site "Florianopolis"]
[Date "2023.01.24"]
[Round "3"]
[White "Becker, Rogerio Sperb"]
[Black "Da Silva, Daniel Pereira"]
[Result "1-0"]
[WhiteElo "2128"]
[BlackElo "1775"]
[PlyCount "73"]
[EventDate "2023.01.23"]
[EventType "swiss"]
[EventRounds "10"]
[EventCountry "BRA"]
[SourceTitle "CBM 212 Extra"]
[Source "ChessBase"]
[SourceDate "2023.03.31"]
[SourceVersion "1"]
[SourceVersionDate "2023.03.31"]
[SourceQuality "1"]

1. c4 Nf6 2. Nf3 c5 3. g3 Nc6 4. Bg2 e6 5. 0-0 Be7 6. d4 cxd4 7. Nxd4 a6 8. Nc3 0-0 9. b3 Re8 10. Bb2 Bf8 11. Rc1 Ne5 12. Qd2 Bc5 13. Rfd1 Ba7 14. e3 Kh8 15. Nf3 Nxf3+ 16. Bxf3 Qa5 17. a3 Qf5 18. Bg2 Rb8 19. b4 b5 20. c5 Bb7 21. Qd3 Qh5 22. Ne4 Nxe4 23. Bxe4 Qg4 24. Bxb7 Rxb7 25. Kg2 Bb8 26. h3 Qg6 27. Rc2 d5 28. cxd6 Rd7 29. Qxg6 hxg6 30. Rc6 Red8 31. Rxa6 Rxd6 32. Rdxd6 Rxd6 33. Ra8 Rd8 34. Ra5 Rd5 35. e4 Rd2 36. Bc1 Ra2 37. Ra8 1-0

[Event "Sao Jose dos Campos IRT op"]
[Site "Sao Jose dos Campos"]
[Date "2020.12.20"]
[Round "4"]
[White "Da Silva, Daniel Pereira"]
[Black "Borger, Daniel"]
[Result "1-0"]
[WhiteElo "1760"]
[BlackElo "1550"]
[PlyCount "109"]
[EventDate "2020.12.18"]
[EventType "swiss"]
[EventRounds "5"]
[EventCountry "BRA"]
[SourceTitle "EXT 2022"]
[Source "ChessBase"]
[SourceDate "2021.10.06"]
[SourceVersion "1"]
[SourceVersionDate "2021.10.06"]
[SourceQuality "1"]

1. d4 d5 2. c4 e6 3. Nc3 Nf6 4. Nf3 Be7 5. Bf4 0-0 6. e3 c5 7. Bd3 Nc6 8. 0-0 dxc4 9. Bxc4 cxd4 10. exd4 Nb4 11. Re1 Nbd5 12. Be5 a6 13. Qb3 b5 14. Bxd5 Nxd5 15. Nxd5 Qxd5 16. Qxd5 exd5 17. Bxg7 Bb4 18. Bxf8 Bxe1 19. Bc5 Ba5 20. b4 Bd8 21. Re1 Kg7 22. Ne5 Bf5 23. g4 Bg6 24. Nxg6 hxg6 25. Re8 Rb8 26. Bd6 Rc8 27. Kg2 f5 28. Be7 Rc4 29. Rxd8 Rxd4 30. gxf5 gxf5 31. Bc5 Rd2 32. Rd7+ Kg8 33. Rd6 Rxa2 34. Rxd5 a5 35. bxa5 Rxa5 36. Bb4 Ra4 37. Rxb5 Kg7 38. h3 Kf6 39. Bc3+ Ke6 40. Re5+ Kd6 41. Rxf5 Rc4 42. Bd2 Ke6 43. Rf4 Rc2 44. Be3 Rc7 45. Kg3 Rg7+ 46. Rg4 Rb7 47. h4 Kf5 48. h5 Rb1 49. Rh4 Rg1+ 50. Kf3 Rg7 51. h6 Rf7 52. Rf4+ Kg6 53. Rxf7 Kxf7 54. Ke4 Kg6 55. Ke5 1-0

[Event "Sao Jose dos Campos IRT op"]
[Site "Sao Jose dos Campos"]
[Date "2020.12.20"]
[Round "5"]
[White "Zakowicz, Rafael"]
[Black "Da Silva, Daniel Pereira"]
[Result "1/2-1/2"]
[WhiteElo "2030"]
[BlackElo "1760"]
[PlyCount "33"]
[EventDate "2020.12.18"]
[EventType "swiss"]
[EventRounds "5"]
[EventCountry "BRA"]
[SourceTitle "EXT 2022"]
[Source "ChessBase"]
[SourceDate "2021.10.06"]
[SourceVersion "1"]
[SourceVersionDate "2021.10.06"]
[SourceQuality "1"]

1. e4 c5 2. Nf3 e6 3. Be2 Nc6 4. d3 Nf6 5. 0-0 Be7 6. Nbd2 0-0 7. e5 Ng4 8. Nc4 b5 9. h3 Nxf2 10. Rxf2 bxc4 11. dxc4 Bb7 12. c3 Qc7 13. Bf4 Rad8 14. Bd3 h6 15. Qd2 d6 16. Qe3 Nxe5 17. Bc2 1/2-1/2

[Event "Sao Jose dos Campos IRT op"]
[Site "Sao Jose dos Campos"]
[Date "2020.12.19"]
[Round "3"]
[White "Costa, Flavio Luis Cesar"]
[Black "Da Silva, Daniel Pereira"]
[Result "1-0"]
[WhiteElo "2071"]
[BlackElo "1760"]
[PlyCount "47"]
[EventDate "2020.12.18"]
[EventType "swiss"]
[EventRounds "5"]
[EventCountry "BRA"]
[SourceTitle "EXT 2022"]
[Source "ChessBase"]
[SourceDate "2021.10.06"]
[SourceVersion "1"]
[SourceVersionDate "2021.10.06"]
[SourceQuality "1"]

1. e4 c5 2. Nf3 e6 3. d4 cxd4 4. Nxd4 Nc6 5. Nc3 Qc7 6. g3 Nf6 7. Ndb5 Qb8 8. Bf4 e5 9. Bg5 a6 10. Bxf6 axb5 11. Bg5 Bb4 12. Bxb5 Bxc3+ 13. bxc3 0-0 14. 0-0 Qc7 15. Qd2 Ra5 16. a4 h6 17. Be3 b6 18. Rab1 Bb7 19. Rfd1 Rd8 20. Qd6 Qxd6 21. Rxd6 Rxb5 22. axb5 Nb8 23. f3 Rc8 24. Rxb6 1-0

[Event "Sao Jose dos Campos IRT op"]
[Site "Sao Jose dos Campos"]
[Date "2020.12.18"]
[Round "2"]
[White "Da Silva, Daniel Pereira"]
[Black "Haraguchi, Diego Sashaki"]
[Result "1/2-1/2"]
[WhiteElo "1760"]
[BlackElo "1941"]
[PlyCount "105"]
[EventDate "2020.12.18"]
[EventType "swiss"]
[EventRounds "5"]
[EventCountry "BRA"]
[SourceTitle "EXT 2022"]
[Source "ChessBase"]
[SourceDate "2021.10.06"]
[SourceVersion "1"]
[SourceVersionDate "2021.10.06"]
[SourceQuality "1"]

1. d4 Nf6 2. c4 g6 3. Nc3 d5 4. Nf3 Bg7 5. Bf4 0-0 6. e3 c5 7. Bd3 Nc6 8. h3 Nxd4 9. exd4 Nh5 10. Be3 e5 11. Be2 exd4 12. Nxd4 cxd4 13. Bxd4 dxc4 14. Bxg7 Nxg7 15. 0-0 Be6 16. Qc2 Qh4 17. Rad1 Rad8 18. Bf3 b6 19. Qa4 Qe7 20. Nd5 Qg5 21. Ne3 Nh5 22. Bxh5 Qxh5 23. Qxa7 Qb5 24. Rxd8 Rxd8 25. Qe7 Rd3 26. Qf6 Rd2 27. b3 cxb3 28. axb3 Qd7 29. Ra1 Qd8 30. Qf3 Qd4 31. Ra8+ Kg7 32. Qg3 Qd6 33. Qg5 h6 34. Qb5 Bd7 35. Qc4 Qf6 36. Qf1 Bb5 37. Qe1 Re2 38. Qa1 Rxf2 39. Qxf6+ Rxf6 40. Rb8 Rd6 41. Kf2 Kf6 42. Rxb6 Rxb6 43. Nd5+ Ke6 44. Nxb6 Ke5 45. Nc8 Bd7 46. Nd6 Be6 47. b4 Kd5 48. Ne8 Kc4 49. Ke3 Kxb4 50. Kf4 Kc5 51. Nf6 Kd4 52. h4 Bd5 53. g4 1/2-1/2

[Event "Sao Jose dos Campos IRT op"]
[Site "Sao Jose dos Campos"]
[Date "2020.12.18"]
[Round "1"]
[White "Salles, Henrique"]
[Black "Da Silva, Daniel Pereira"]
[Result "0-1"]
[WhiteElo "1207"]
[BlackElo "1760"]
[PlyCount "82"]
[EventDate "2020.12.18"]
[EventType "swiss"]
[EventRounds "5"]
[EventCountry "BRA"]
[SourceTitle "EXT 2022"]
[Source "ChessBase"]
[SourceDate "2021.10.06"]
[SourceVersion "1"]
[SourceVersionDate "2021.10.06"]
[SourceQuality "1"]

1. e4 c5 2. d4 cxd4 3. c3 d3 4. Bxd3 g6 5. Nf3 Bg7 6. Bf4 Nc6 7. Nbd2 d6 8. Bb5 Bd7 9. 0-0 Nf6 10. h3 0-0 11. Re1 Qb6 12. Bxc6 Bxc6 13. Qc2 Rad8 14. e5 dxe5 15. Nxe5 Nd5 16. Bg3 e6 17. Ndc4 Qc5 18. b4 Qe7 19. Nxc6 bxc6 20. Be5 Qg5 21. Bxg7 Kxg7 22. Re5 Qf4 23. Qe4 Qxe4 24. Rxe4 Nxc3 25. Rg4 f5 26. Rg3 Ne2+ 27. Kf1 Nxg3+ 28. fxg3 Kf6 29. Re1 Rd4 30. Ne5 Rxb4 31. Nd7+ Kf7 32. Nxf8 Kxf8 33. Rxe6 Rc4 34. a4 Kf7 35. Re2 Rxa4 36. Rc2 Ra6 37. Kf2 Rb6 38. Ra2 Rb7 39. Ra6 Rc7 40. Ke3 Ke6 41. Kf4 Kd5 0-1

[Event "Sao Paulo Hebraica op 27th"]
[Site "Sao Paulo"]
[Date "2020.01.10"]
[Round "1"]
[White "Da Silva, Daniel Pereira"]
[Black "De Brito, Gabrielly Rodrigues"]
[Result "1-0"]
[WhiteElo "1773"]
[BlackElo "1255"]
[PlyCount "69"]
[EventDate "2020.01.10"]
[EventType "swiss"]
[EventRounds "6"]
[EventCountry "BRA"]
[SourceTitle "CBM 194 Extra"]
[Source "ChessBase"]
[SourceDate "2020.03.31"]
[SourceVersion "1"]
[SourceVersionDate "2020.03.31"]
[SourceQuality "1"]

1. d4 Nf6 2. Nf3 g6 3. c4 d5 4. e3 Bg7 5. Nc3 c6 6. Bd3 0-0 7. 0-0 Nbd7 8. Re1 Re8 9. Bd2 e5 10. dxe5 Nxe5 11. Nxe5 Rxe5 12. cxd5 Nxd5 13. Bc4 Nb6 14. Bb3 Be6 15. e4 Bxb3 16. axb3 Re6 17. Be3 Re8 18. Qg4 Qc8 19. Qxc8 Nxc8 20. Red1 Nb6 21. f3 f5 22. Kf2 fxe4 23. fxe4 Rf8+ 24. Ke2 Rfe8 25. Bxb6 axb6 26. Rxa8 Rxa8 27. Rd7 Ra2 28. Nxa2 Bxb2 29. Rxb7 Bd4 30. Kd3 Be5 31. Rxb6 c5 32. Rc6 Bd4 33. b4 Bg1 34. b5 Bxh2 35. b6 1-0

[Event "Jacarei op 2nd"]
[Site "Jacarei"]
[Date "2019.07.27"]
[Round "2"]
[White "Da Silva, Daniel Pereira"]
[Black "Fajardo Freire, Joao Alfredo Castel"]
[Result "0-1"]
[WhiteElo "1774"]
[BlackElo "2104"]
[PlyCount "60"]
[EventDate "2019.07.26"]
[EventType "swiss"]
[EventRounds "6"]
[EventCountry "BRA"]
[SourceTitle "CBM 191 Extra"]
[Source "ChessBase"]
[SourceDate "2019.09.30"]
[SourceVersion "1"]
[SourceVersionDate "2019.09.30"]
[SourceQuality "1"]

1. d4 Nf6 2. c4 e6 3. Nf3 d5 4. Nc3 dxc4 5. Bg5 Bb4 6. e3 Qd5 7. Bxf6 gxf6 8. Qa4+ Nc6 9. a3 b5 10. Qc2 Bxc3+ 11. Qxc3 Ne7 12. Be2 Rg8 13. 0-0 Bb7 14. b3 cxb3 15. Rab1 Qf5 16. e4 Bxe4 17. Rxb3 c6 18. Rc1 Bd5 19. Rb2 Qg4 20. Ne1 Qg5 21. g3 f5 22. Bf3 f4 23. Bxd5 Qxd5 24. Nd3 fxg3 25. hxg3 a5 26. Ra2 f6 27. Re1 Rg4 28. Nf4 Rxf4 29. gxf4 Kd7 30. Qh3 Rg8+ 0-1

[Event "Jacarei op 2nd"]
[Site "Jacarei"]
[Date "2019.07.27"]
[Round "4"]
[White "Da Silva, Daniel Pereira"]
[Black "Haraguchi, Matheus Sashaki"]
[Result "1/2-1/2"]
[WhiteElo "1774"]
[BlackElo "1555"]
[PlyCount "124"]
[EventDate "2019.07.26"]
[EventType "swiss"]
[EventRounds "6"]
[EventCountry "BRA"]
[SourceTitle "CBM 191 Extra"]
[Source "ChessBase"]
[SourceDate "2019.09.30"]
[SourceVersion "1"]
[SourceVersionDate "2019.09.30"]
[SourceQuality "1"]

1. d4 d5 2. c4 e6 3. Nc3 Nf6 4. Bf4 c6 5. Nf3 Nbd7 6. e3 Be7 7. Bd3 b6 8. cxd5 exd5 9. Rc1 Bb7 10. 0-0 0-0 11. Bb1 Rc8 12. Ne5 Nxe5 13. Bxe5 Bd6 14. Qd3 g6 15. Bxd6 Qxd6 16. Ne2 Rfe8 17. Ng3 c5 18. dxc5 bxc5 19. Rfd1 Rc7 20. b3 Rd8 21. h3 Qc6 22. Qf1 Ba6 23. Bd3 Bxd3 24. Qxd3 Rdd7 25. Qc3 Rc8 26. Rd2 h5 27. Rdc2 Rdc7 28. Qa5 Qb6 29. Qa4 a5 30. Qf4 Kg7 31. Qg5 Qe6 32. Rd1 Kh7 33. Rcd2 Rd7 34. e4 dxe4 35. Rxd7 Nxd7 36. Nxe4 Qxe4 37. Rxd7 Qe1+ 38. Kh2 Qxf2 39. Qe7 Kg7 40. Qe5+ Kh7 41. a4 Kh6 42. Rd6 Qc2 43. Qf4+ Kg7 44. Rb6 c4 45. Qe5+ Kg8 46. bxc4 Qxc4 47. Rb8 Rxb8 48. Qxb8+ Kh7 49. Qe8 Qf4+ 50. Kg1 Qc1+ 51. Kf2 Qc2+ 52. Ke3 Kg7 53. Qe4 Qc3+ 54. Qd3 Qxd3+ 55. Kxd3 Kf6 56. Kc4 Ke5 57. Kb5 Kd5 58. Kxa5 Kc5 59. Ka6 Kc6 60. Ka5 Kc5 61. Ka6 Kc6 62. Ka5 Kc5 1/2-1/2

[Event "Jacarei op 2nd"]
[Site "Jacarei"]
[Date "2019.07.27"]
[Round "3"]
[White "Hassen Sa, Jamile"]
[Black "Da Silva, Daniel Pereira"]
[Result "0-1"]
[WhiteElo "1384"]
[BlackElo "1774"]
[PlyCount "150"]
[EventDate "2019.07.26"]
[EventType "swiss"]
[EventRounds "6"]
[EventCountry "BRA"]
[SourceTitle "CBM 191 Extra"]
[Source "ChessBase"]
[SourceDate "2019.09.30"]
[SourceVersion "1"]
[SourceVersionDate "2019.09.30"]
[SourceQuality "1"]

1. c4 c5 2. Nc3 Nf6 3. g3 Nc6 4. Bg2 e6 5. e4 Be7 6. d3 0-0 7. Nge2 Rb8 8. 0-0 b6 9. a3 Bb7 10. Bf4 d6 11. Rb1 e5 12. Bg5 Nd4 13. Bxf6 Bxf6 14. Nxd4 cxd4 15. Ne2 Be7 16. f4 f5 17. exf5 Bxg2 18. Kxg2 Rxf5 19. fxe5 Rxf1 20. Qxf1 dxe5 21. Qf3 Qc7 22. Qd5+ Kh8 23. Rf1 Bf6 24. g4 Rd8 25. Qf3 h6 26. Ng3 Bg5 27. Qf7 Qd7 28. Qxd7 Rxd7 29. Ne4 Bf4 30. b4 Rc7 31. Rf2 Kg8 32. Rc2 Kf8 33. c5 Ke7 34. c6 b5 35. Rc5 a6 36. h3 Ke6 37. Kf3 Bg5 38. Nxg5+ hxg5 39. Ke4 Kd6 40. Rxe5 Rxc6 41. Kxd4 Rc1 42. Rxg5 Rh1 43. Rh5 Kc6 44. Kc3 Rc1+ 45. Kd2 Ra1 46. Rc5+ Kb6 47. Rc3 Ra2+ 48. Ke3 Rh2 49. Ke4 Rxh3 50. Rc5 a5 51. Rg5 axb4 52. axb4 Rh1 53. Kd5 Rd1 54. d4 Rc1 55. Rg6+ Kc7 56. Rxg7+ Kc8 57. Ra7 Kb8 58. Ra5 Rg1 59. Rxb5+ Kc7 60. Rc5+ Kd7 61. b5 Rxg4 62. b6 Rg1 63. Rc7+ Kd8 64. Kd6 Rb1 65. Rc6 Rb5 66. d5 Rb1 67. Kc5 Rb2 68. d6 Rc2+ 69. Kb5 Rb2+ 70. Ka6 Kd7 71. Rc5 Kxd6 72. Rb5 Ra2+ 73. Kb7 Rh2 74. Ka7 Kc6 75. b7 Ra2+ 0-1

[Event "Florianopolis op 5th"]
[Site "Florianopolis"]
[Date "2019.01.24"]
[Round "5"]
[White "Borba da Rosa, Rodrigo"]
[Black "Da Silva, Daniel Pereira"]
[Result "0-1"]
[WhiteElo "1249"]
[BlackElo "1773"]
[PlyCount "80"]
[EventDate "2019.01.21"]
[EventType "swiss"]
[EventRounds "10"]
[EventCountry "BRA"]
[SourceTitle "CBM 188 Extra"]
[Source "ChessBase"]
[SourceDate "2019.02.26"]
[SourceVersion "1"]
[SourceVersionDate "2019.02.26"]
[SourceQuality "1"]

1. e4 c5 2. d3 e6 3. Nd2 d5 4. Ngf3 Nc6 5. g3 Bd6 6. Bg2 Nge7 7. 0-0 b6 8. Qe2 0-0 9. e5 Bc7 10. Re1 Ng6 11. c4 Ngxe5 12. cxd5 exd5 13. Nxe5 Nxe5 14. Nc4 Nc6 15. Bf4 Bxf4 16. gxf4 Bb7 17. Ne5 Nxe5 18. fxe5 Re8 19. Rad1 Qc7 20. d4 Rad8 21. f4 Qd7 22. Qf3 Qf5 23. Bh3 Qg6+ 24. Kh1 f5 25. Rg1 Qf7 26. Rg5 cxd4 27. Rdg1 Re7 28. Rxf5 Qe8 29. Qg3 Bc8 30. Rg5 Qf8 31. Bxc8 Rxc8 32. Qf3 Rd8 33. R1g4 Kh8 34. h4 h6 35. Rg6 Rxe5 36. Rxg7 Re3 37. Rg8+ Qxg8 38. Rxg8+ Rxg8 39. Qf1 d3 40. Kh2 Reg3 0-1

[Event "BRA-ch U20"]
[Site "Sao Paulo"]
[Date "2018.07.01"]
[Round "5"]
[White "Da Silva, Daniel Pereira"]
[Black "Federzoni, Enzo"]
[Result "0-1"]
[WhiteElo "1742"]
[BlackElo "1997"]
[PlyCount "100"]
[EventDate "2018.06.28"]
[EventType "swiss"]
[EventRounds "6"]
[EventCountry "BRA"]
[SourceTitle "EXT 2019"]
[Source "ChessBase"]
[SourceDate "2018.10.10"]
[SourceVersion "1"]
[SourceVersionDate "2018.10.10"]
[SourceQuality "1"]

1. d4 Nf6 2. c4 g6 3. Nc3 d5 4. cxd5 Nxd5 5. e4 Nxc3 6. bxc3 Bg7 7. Be3 c5 8. Qd2 cxd4 9. cxd4 Nc6 10. Bb5 0-0 11. Bxc6 bxc6 12. Rc1 f5 13. exf5 Bxf5 14. Ne2 Qd5 15. 0-0 Rfd8 16. Rfd1 e5 17. Rc5 Qxc5 18. dxc5 Rxd2 19. Rxd2 Rb8 20. f3 Bf8 21. Ng3 Be6 22. Ne4 Be7 23. Bg5 Bxg5 24. Nxg5 Bd5 25. Ne4 Kf7 26. Kf2 Rb4 27. Nd6+ Ke6 28. Ne8 e4 29. Nc7+ Ke5 30. Nxd5 cxd5 31. Rc2 exf3 32. c6 Rb8 33. c7 Rc8 34. Kxf3 Kd6 35. Ke3 Rxc7 36. Rf2 Ke5 37. Kd3 d4 38. Rf8 Rc3+ 39. Kd2 Ra3 40. Rf7 Rxa2+ 41. Kd3 Ra3+ 42. Kd2 h5 43. Re7+ Kf6 44. Rd7 Ra2+ 45. Kd3 Rxg2 46. Rxd4 Rxh2 47. Ra4 Rf2 48. Rxa7 Kg5 49. Ke3 Rf6 50. Ra1 h4 0-1

[Event "BRA-ch U20"]
[Site "Sao Paulo"]
[Date "2018.06.29"]
[Round "2"]
[White "Bonvini, Alberto Tonhati"]
[Black "Da Silva, Daniel Pereira"]
[Result "1-0"]
[WhiteElo "1906"]
[BlackElo "1742"]
[PlyCount "55"]
[EventDate "2018.06.28"]
[EventType "swiss"]
[EventRounds "6"]
[EventCountry "BRA"]
[SourceTitle "EXT 2019"]
[Source "ChessBase"]
[SourceDate "2018.10.10"]
[SourceVersion "1"]
[SourceVersionDate "2018.10.10"]
[SourceQuality "1"]

1. e4 c5 2. c3 e6 3. d4 cxd4 4. cxd4 Nf6 5. e5 Nd5 6. Nf3 Nc6 7. Bc4 Nb6 8. Bd3 Be7 9. 0-0 0-0 10. Nc3 d5 11. Bb1 f6 12. exf6 Bxf6 13. Qd3 g6 14. Bh6 Rf7 15. b3 e5 16. dxe5 Nxe5 17. Nxe5 Bxe5 18. f4 Bf5 19. Qd2 Bh8 20. Bxf5 Rxf5 21. Rad1 Rc8 22. Ne2 d4 23. Ng3 Rfc5 24. f5 Rc2 25. Qd3 Qd5 26. Ne2 g5 27. f6 Kf7 28. Qxh7+ 1-0

[Event "Sao Paulo op-B U2050 7th"]
[Site "Sao Paulo"]
[Date "2018.04.01"]
[Round "6"]
[White "Cordioli, Jairo Ribeiro"]
[Black "Da Silva, Daniel Pereira"]
[Result "1/2-1/2"]
[WhiteElo "1875"]
[BlackElo "1737"]
[PlyCount "78"]
[EventDate "2018.03.30"]
[EventType "swiss"]
[EventRounds "6"]
[EventCountry "BRA"]
[SourceTitle "EXT 2021"]
[Source "ChessBase"]
[SourceDate "2020.10.23"]
[SourceVersion "1"]
[SourceVersionDate "2020.10.23"]
[SourceQuality "1"]

1. d4 Nf6 2. c4 e6 3. Nc3 d5 4. Nf3 Be7 5. Bg5 0-0 6. e3 c6 7. Bd3 dxc4 8. Bxc4 b5 9. Bd3 h6 10. Bxf6 Bxf6 11. 0-0 Bb7 12. Ne4 Nd7 13. Nd6 Qc7 14. Nxb7 Qxb7 15. Rc1 Rac8 16. Be2 Qb6 17. b4 Rfd8 18. Qb3 Be7 19. Ne5 Nxe5 20. dxe5 c5 21. bxc5 Rxc5 22. Qb2 Rdc8 23. g3 Bg5 24. Kg2 Qc7 25. Rxc5 Qxc5 26. Qd4 Qxd4 27. exd4 Rc1 28. f4 Rxf1 29. Kxf1 Bd8 30. Kf2 Kf8 31. h3 Ke7 32. g4 f6 33. Bd3 b4 34. Kf3 Bb6 35. Ke4 fxe5 36. dxe5 Bf2 37. f5 exf5+ 38. gxf5 Be1 39. Kd5 Bc3 1/2-1/2

[Event "Sao Paulo op-B U2050 7th"]
[Site "Sao Paulo"]
[Date "2018.03.30"]
[Round "2"]
[White "Almeida Junior, Alvaro Alves de"]
[Black "Da Silva, Daniel Pereira"]
[Result "1-0"]
[WhiteElo "2030"]
[BlackElo "1737"]
[PlyCount "93"]
[EventDate "2018.03.30"]
[EventType "swiss"]
[EventRounds "6"]
[EventCountry "BRA"]
[SourceTitle "EXT 2021"]
[Source "ChessBase"]
[SourceDate "2020.10.23"]
[SourceVersion "1"]
[SourceVersionDate "2020.10.23"]
[SourceQuality "1"]

1. e4 c5 2. Nf3 e6 3. c3 d5 4. e5 Nc6 5. d4 a6 6. Bd3 cxd4 7. cxd4 Bb4+ 8. Bd2 Bd7 9. 0-0 Nge7 10. Nc3 Rc8 11. Rb1 h6 12. h4 Na7 13. Qe2 Bxc3 14. bxc3 Bb5 15. Rfc1 Bxd3 16. Qxd3 Qc7 17. Rb3 0-0 18. g4 Nac6 19. h5 Na5 20. Rbb1 Nc4 21. Bf4 f6 22. Bg3 fxe5 23. Nxe5 Nxe5 24. Bxe5 Qd7 25. Rb6 Rc6 26. Rcb1 Rxb6 27. Rxb6 Nc6 28. Bg3 Rf7 29. Qe2 Re7 30. Bh4 Rf7 31. Rb1 Rf8 32. Re1 Re8 33. f4 Qc8 34. Bg3 Nd8 35. Qf3 Kh8 36. Qe3 e5 37. f5 e4 38. Kh1 Nf7 39. Bh4 Ng5 40. Bxg5 hxg5 41. Rc1 Qc7 42. Rf1 Rc8 43. f6 gxf6 44. Rxf6 Qxc3 45. Rh6+ Kg8 46. Qxg5+ Kf8 47. Rh8+ 1-0

[Event "Sao Paulo Carnaval op"]
[Site "Sao Paulo"]
[Date "2018.02.11"]
[Round "3"]
[White "Deus Filho, Joaquim"]
[Black "Da Silva, Daniel Pereira"]
[Result "0-1"]
[WhiteElo "1985"]
[BlackElo "1699"]
[PlyCount "62"]
[EventDate "2018.02.10"]
[EventType "swiss"]
[EventRounds "7"]
[EventCountry "BRA"]
[SourceTitle "CBM 183 Extra"]
[Source "ChessBase"]
[SourceDate "2018.04.19"]
[SourceVersion "1"]
[SourceVersionDate "2018.04.19"]
[SourceQuality "1"]

1. e4 c5 2. Nf3 e6 3. d4 cxd4 4. Nxd4 Nc6 5. Nb3 Nf6 6. Qe2 Qc7 7. Nc3 a6 8. Bg5 Be7 9. 0-0-0 b5 10. f4 h6 11. Bxf6 Qxf4+ 12. Kb1 Bxf6 13. g3 Qe5 14. a3 0-0 15. Bg2 Rb8 16. Nc1 b4 17. axb4 Nxb4 18. Nb3 Nc6 19. Qc4 Na5 20. Qa4 Nxb3 21. cxb3 Qc5 22. Rc1 Qb6 23. Ka2 Qf2 24. Bf1 Qd2 25. Rd1 Qf2 26. Qc4 d5 27. exd5 exd5 28. Qe2 Qb6 29. Qc2 Be6 30. Nxd5 Qa5+ 31. Kb1 Bxd5 0-1

[Event "Sao Paulo Carnaval op"]
[Site "Sao Paulo"]
[Date "2018.02.10"]
[Round "1"]
[White "Bispo, Leonardo"]
[Black "Da Silva, Daniel Pereira"]
[Result "1-0"]
[WhiteElo "2245"]
[BlackElo "1699"]
[PlyCount "57"]
[EventDate "2018.02.10"]
[EventType "swiss"]
[EventRounds "7"]
[EventCountry "BRA"]
[SourceTitle "CBM 183 Extra"]
[Source "ChessBase"]
[SourceDate "2018.04.19"]
[SourceVersion "1"]
[SourceVersionDate "2018.04.19"]
[SourceQuality "1"]

1. d4 Nf6 2. c4 e6 3. Nf3 d5 4. Nc3 Be7 5. e3 Nbd7 6. Qc2 c6 7. g4 dxc4 8. g5 Nd5 9. Bxc4 b5 10. Nxd5 cxd5 11. Bd3 Bb7 12. h4 Rc8 13. Qe2 b4 14. Rg1 Bd6 15. h5 e5 16. dxe5 Nxe5 17. Nxe5 Bxe5 18. f4 Bd6 19. b3 0-0 20. h6 g6 21. Qb2 f6 22. gxf6 Qxf6 23. Qxf6 Rxf6 24. Bb2 Re6 25. Kd2 Bc5 26. Rae1 Rce8 27. Be5 Bd6 28. Bd4 Bf8 29. f5 1-0

[Event "Brasilia Terraviva op"]
[Site "Brasilia"]
[Date "2018.01.14"]
[Round "6"]
[White "Da Silva, Daniel Pereira"]
[Black "Hoshino, Karen M"]
[Result "0-1"]
[WhiteElo "1757"]
[BlackElo "1951"]
[PlyCount "55"]
[EventDate "2018.01.11"]
[EventType "swiss"]
[EventRounds "7"]
[EventCountry "BRA"]
[SourceTitle "CBM 182 Extra"]
[Source "ChessBase"]
[SourceDate "2018.02.23"]
[SourceVersion "1"]
[SourceVersionDate "2018.02.23"]
[SourceQuality "1"]

1. d4 Nf6 2. c4 e6 3. Nf3 b6 4. g3 Bb7 5. Bg2 Be7 6. 0-0 0-0 7. Nc3 d5 8. cxd5 Nxd5 9. Re1 Nxc3 10. bxc3 c5 11. a4 Nc6 12. Ne5 Rc8 13. Nxc6 Bxc6 14. Bxc6 Rxc6 15. e3 Qc7 16. Ba3 Rc8 17. Qf3 cxd4 18. Bxe7 Qxe7 19. cxd4 Qg5 20. Kg2 h6 21. Re2 Qa5 22. Raa2 Rc4 23. Qb7 R8c7 24. Qa8+ Kh7 25. Qe4+ Kg8 26. Qa8+ Rc8 27. Qb7 R4c6 28. e4 0-1

[Event "Brasilia Terraviva op"]
[Site "Brasilia"]
[Date "2018.01.11"]
[Round "1"]
[White "Mekhitarian, Krikor Sevag"]
[Black "Da Silva, Daniel Pereira"]
[Result "1-0"]
[WhiteElo "2529"]
[BlackElo "1757"]
[PlyCount "49"]
[EventDate "2018.01.11"]
[EventType "swiss"]
[EventRounds "7"]
[EventCountry "BRA"]
[SourceTitle "CBM 182 Extra"]
[Source "ChessBase"]
[SourceDate "2018.02.23"]
[SourceVersion "1"]
[SourceVersionDate "2018.02.23"]
[SourceQuality "1"]

1. e4 c5 2. Nf3 e6 3. d4 cxd4 4. Nxd4 Nc6 5. Nc3 Qc7 6. f4 Bb4 7. Nxc6 Bxc3+ 8. bxc3 Qxc6 9. Qd4 Nf6 10. Bd3 d5 11. Ba3 dxe4 12. Be2 Bd7 13. 0-0-0 Qb6 14. Bc5 Qc6 15. c4 Rc8 16. Ba3 b5 17. g4 Rg8 18. Qb2 a5 19. cxb5 Qc3 20. Qxc3 Rxc3 21. Kb2 Rc8 22. c4 g5 23. Rhf1 gxf4 24. Rxf4 Rg6 25. Rdf1 1-0